00562nam a2200181Ia 4500003000400000005001700004008004100021020002900062040001700091082002200108100003000130245011800160260002500278300001500303650001700318700002800335700001700363IIN20240129154521.0231217s9999 xx 000 0 und d cRs.795.00a9789386217806 aIINbEnglish a615.1 bPAT1 aPathania, Joginder Singh 1 aTextbook of Pharmacology for Bsc Nursing Students /cJoginder Singh Pathania , Rupendra Kumar Bharti & Vikas Sood bCBSaNew Delhic2017 axxiv,399p.1 aPharmacology1 aBharti, Rupendra Kumar 1 aSood, Vikas